Možnosti podpory výroby a predaja biopotravín a ekologických výrobkov pre potreby hotelov na Slovensku diplomová práca

Gespeichert in:
Bibliographische Detailangaben
1. Verfasser: Blašková, Lucia
Körperschaft: Obchodná fakulta EU. Katedra tovaroznalectva a kvality tovaru
Weitere Verfasser: Jarossová, Malgorzata Agnieszka, 1978-
Format: Buch
Sprache:Slowakisch
Veröffentlicht: Bratislava 2018
Tags: Tag hinzufügen
Keine Tags, Fügen Sie das erste Tag hinzu!

MARC

LEADER 00000nbm a2200000 4500
001 0243310
005 20180911135557.9
041 0 |a slo 
044 |a SK 
245 1 0 |a Možnosti podpory výroby a predaja biopotravín a ekologických výrobkov pre potreby hotelov na Slovensku  |b diplomová práca  |c Lucia Blašková ; školiteľ: Malgorzata Agnieszka Jarossová 
264 1 |a Bratislava  |c 2018 
300 |a 82 s. 
100 1 |a Blašková, Lucia 
700 1 |a Jarossová, Malgorzata Agnieszka, 1978- 
710 2 |a Obchodná fakulta EU. Katedra tovaroznalectva a kvality tovaru